书目信息 |
| 题名: |
化学建材应用指南
|
|
| 作者: | 张玉祥 , 刘宗柏 编著 | |
| 分册: | ||
| 出版信息: | 北京 化学工业出版社 2001.12 |
|
| 页数: | 692页 | |
| 开本: | 20cm | |
| 丛书名: | ||
| 单 册: | ||
| 中图分类: | TU53-62 | |
| 科图分类: | ||
| 主题词: | 建筑材料:有机材料 , 建筑化工材料 | |
| 电子资源: | ||
| ISBN: | 7-5025-3462-8 | |
| 000 | 00672nam0 2200217 45 | |
| 001 | 0262309990 | |
| 005 | 2002041117182967 | |
| 010 | @a7-5025-3462-8@dRMB 48.00 | |
| 100 | @a20020411d2001 km y0chiy0120 ea | |
| 101 | 0 | @achi |
| 102 | @aCN@b110000 | |
| 200 | 1 | @a化学建材应用指南@AHua Xue Jian Cai Ying Yong Zhi Nan@f张玉祥,刘宗柏编著@FZhang Yu Xiang,Liu Zong Bai Bian Zhu |
| 210 | @a北京@c化学工业出版社@d2001.12 | |
| 215 | @a692页@d20cm | |
| 606 | 0 | @a建筑材料:有机材料 |
| 606 | 0 | @a建筑化工材料 |
| 690 | @aTU53-62@v3 | |
| 701 | 0 | @a张玉祥@AZhang Yu Xiang@4编著 |
| 701 | 0 | @a刘宗柏@ALiu Zong Bai@4编著 |
| 801 | 0 | @aCN@bPFT@c20020411 |
| 905 | @a安徽大学@dTU53-62@eZ237 | |
| 化学建材应用指南/张玉祥,刘宗柏编著.-北京:化学工业出版社,2001.12 |
| 692页;20cm |
| ISBN 7-5025-3462-8:RMB 48.00 |
| ● |
| 相关链接 |
|
|
|
正题名:化学建材应用指南
索取号:TU53-62/Z237
 
预约/预借
| 序号 | 登录号 | 条形码 | 馆藏地/架位号 | 状态 | 备注 |
| 1 | 353638 | 203536389 | 建筑库201/201建筑库 9排1列2层/ [索取号:TU53-62/Z237] | 在馆 | |
| 2 | 353639 | 203536398 | 建筑库201/201建筑库 9排1列2层/ [索取号:TU53-62/Z237] | 在馆 |